Diccionario jurídico : Law dictionary. Inglés - Español / Tomo II :
Guardado en:
| Autor Principal: | |
|---|---|
| Otros Autores: | |
| Formato: | Libro |
| Idioma: | Spanish |
| Publicado: |
Buenos Aires :
Heliasta,
1998
|
| Materias: | |
| Etiquetas: |
Agregar Etiqueta
Sin Etiquetas, Sea el primero en etiquetar este registro!
|
| LEADER | 00562nam a22001575a 4500 | ||
|---|---|---|---|
| 001 | DER.der015512 | ||
| 008 | 251114s1998####ag#||||||||||||||#||spa|| | ||
| 005 | 20251114164810.0 | ||
| 245 | 1 | 0 | |a Diccionario jurídico : Law dictionary. |n Tomo II : |b Inglés - Español / |c Guillermo Cabanellas de las Cuevas , Eleanor C. Hoague. |
| 260 | |a Buenos Aires : |b Heliasta, |c 1998 | ||
| 300 | |a 829 p. | ||
| 020 | |a 950906579X | ||
| 100 | 1 | |a Cabanellas de las Cuevas, Guillermo | |
| 700 | 1 | |a Hoague, Eleanor C. | |
| 650 | 7 | |a DICCIONARIOS | |
| 859 | |a DERECHO |b BIB. DERECHO |h 340.03 |i CAB |p 007986 |3 Tomo II | ||
